Technological learning, technological substitution, and technological change

Guardado en:
Detalles Bibliográficos
Autor principal: Robinson, Jennifer M.
Formato: Libro
Lenguaje:inglés
Publicado: Laxenburg International Institute for Applied Systems Analysis 1982
Etiquetas: Agregar Etiqueta
Sin Etiquetas, Sea el primero en etiquetar este registro!

MARC

LEADER 00000nam a2200000 4500
001 c126230
005 20041019155237.4
041 0 |a eng 
044 |a AT 
245 1 0 |a Technological learning, technological substitution, and technological change  |c Jennifer M. Robinson 
264 1 |a Laxenburg  |b International Institute for Applied Systems Analysis  |c 1982 
300 |a S. 40-49 
500 |a Separát z: Technological forecasting and social change, vol. 18 (1980) 
100 1 |a Robinson, Jennifer M.